Googleマップの口コミから名所をあてろ! - Statistics

General Stats
  • This quiz has been taken 19 times
  • The average score is 5 of 16
Answer Stats
口コミ1 口コミ2 口コミ3 名所名 % Correct
世界遺産になっても良いくらい素晴らしいお城でした。 幕末の大老井伊直弼の居城であり、現存12天守の中で全国に5つしかない国宝の一つ。映画でも使われる圧倒的な本物感。 ひこにゃんにも会うことができ、大満足。 彦根城
100%
続く間ノ岳・農鳥岳の稜線も美しい。 (名所名)に来ただけ。 山梨県単独の最高峰。 日本で二番目に高い山です。眺めは富士山より良いです。 北岳
82%
リューアル後、初めて利用しました。 広々としていて好印象でした。 自動改札がなくて、トイレも古くて、うどん屋さんがあった頃の(名所名)も味わいがありました。 道後温泉旅行の経由地で立ち寄りました。高架化工事で旧駅から新駅に変わったらしく、とても綺麗でした! 松山駅
76%
返還祭を体験できてよかった。東京でもこんなに横の繋がりがあるのかとびっくりしました。 船到着後、スーパーに買い出しに行き、自分で料理が出来るのが、家に居る延長の様で居心地良かったです。 父島より落ち着きます、若者が少ない感じ、バスも無いから徒歩で色んな所の観光してると島民の方から『ご苦労なことですな、楽しんでね。』と声をかけてくれます。 母島
71%
隣接のキリスト教博物館も必見です。 1933年と1953年に国宝に指定され、2018年には世界文化遺産「長崎と天草地方の潜伏キリシタン関連遺産」の構成資産として登録されました。 浦上天主堂の方が何か感じるものが多いような気がします。 大浦天主堂
59%
十三湖経由で行ったので、竜白ラインは海岸線あり、山のヘアピンありで初心者にはかなりのの難所。 北海道が間近に見える景色は圧感です。 青函トンネルがこの下をお通り北海道につながってくれていることを実感できる地。 龍飛岬
35%
日本最古の天然地獄だそう。 別府温泉 地獄めぐりの中で少し離れた場所にありますが、酸化鉄を含んだ温泉の風景がとても強く印象に残ります。 真っ赤というよりは朱色のような感じでしたが不気味さを感じました。 血の池地獄
29%
草紅葉、水芭蕉の時期ともに綺麗です。 日帰りで、鳩待峠〜燧ヶ岳〜鳩待峠を歩きました。 群馬、新潟、福島、栃木の四県に跨る広大な敷地にて春夏秋冬と豊かな自然を鑑賞することができる場所。 尾瀬国立公園
24%
本土の城は、代表的な城を見てきましたが、沖縄独自の城跡を見学できてよかったです。 古宇利島に行った際に寄りました。 世界遺産の一つ。三山時代、北山の王がここを拠点として北部地域を支配しました。 今帰仁城跡
12%
事故すると救急車来るまで2時間かかるそうです。電話繋がらん場所も多いです。恐ろしいので調子乗って飛ばさない様に。 他の方が口コミでお勧めの『くろごまソフト』は、かなりの人気なようです。 高野竜神スカイライン沿いにある道の駅です。 道の駅ごまさんスカイタワー
12%
目の病気と子供の健康祈願に御利益のあるお寺なので一所懸命祈願しました。 出雲大社までは何度かお参りに来ても、中々足を伸ばせずにいました。 島根県出雲市の『(名所名)』。麓から本堂へ続く約1200段の石段を上った先、5番目のお堂である「八堂」へ行くと、高さ24センチの仏像が整然と並び立つ驚きの珍百景が楽しめます。 一畑薬師
6%
白川郷混んでるのでここ来たほうが空いてるし見応えあるよ! 素晴らしい合掌造りでした。
村の名士の家を移築しているので、個人宅というよりは仕様人の小部屋や二階の広い養蚕部屋があったり。
また台所の囲炉裏の熱が2階に回るようになっていたり。
生活の知恵と雪国で生き抜くたくましさが、雪に耐える合掌造りの黒く太い柱から感じられました。
旧荘川村時代に村内の家屋を移築して作られた施設。合掌造りと典型的な飛騨の豪農家屋など5棟が展示されています。 荘川の里
6%
玄武岩が作る独特な景観です! トンボロ現象で砂州を介して陸続きになった小島です。はるばる佐渡の北端までやってきたという実感がいやが上にも沸き上がります。 2匹のカメがうずくまっているように見えるので(名所名)。 二ツ亀
6%
西門が有名ですがそれ以外にも巨石を使った3つの門や垂直に切り立った石垣、水門など7世紀にどうやって作ったのか不思議なくらいの構造物に圧倒されます。 吉備神社のついでに訪れてみた古代山城跡です。 (名所名の一部)は、古代の正規の歴史書には登場しないが、後世の文献である(名所名の一部)縁起などにでてくる。それによると「異国の鬼神が吉備国にやって来た。彼は百済の王子で名を温羅という。彼はやがて備中国の新山に居城を構え、しばしば西国から都へ送る物資を奪ったり、婦女子を掠奪したので、人々は恐れおののいて「(名所名の一部)」と呼び、都へ行ってその暴状を訴えた・・・」。これが、一般に温羅伝承と呼ばれる説話で、地名もこれに由来している。 鬼ノ城跡
6%
国内最大面積の公営牧場なので、とにかく広い。 北海道らしい風景を満喫できます。日本の穀倉地帯が眼前に広がり、遠く雌阿寒岳や日高山脈を望めます。 この牧場は、帯広駅から車で1時間程にある高原の牧場です。高原のせいか、とても涼しく高所から眺める景色も雄大です。 ナイタイ高原牧場
0%
グーグルの住所が番地がない為、上滝田近くまで行き、小さな看板不動沢滝を見て駐車場にたどり着きました。 館山バイクツーリングの際に立ち寄ってみました。比較的わかりやすい場所にありますが車で行く際は道が狭く行き止まりの場所にあるので注意が必要です。 しっかりした吊り橋。橋の上からは沢山七滝が見学できます。一番奥の滝は橋の手前の道から少し行ったところ。
とにかく水音が気持ち良くて癒されます。
千葉県には珍しく滝つぼのカマ穴が連続する滝。小さいけれどたぶん7つ以上釜穴があると思います。
かじか橋
0%
No matching quizzes found
Score Distribution
Percent of People with Each Score
Percentile by Number Answered
Your Score History
You have not taken this quiz